Egy kereskedelmi vállalkozás tevékenységének bemutatása és elemzése

Bibliográfiai részletek
Szerző: Szűcs Norbert Dávid
További közreműködők: Kozák Dr. Tamás
Dokumentumtípus: Záródolgozat
Kulcsszavak:Tobeld Kft.
Vállalkozás, OVB
Felmérés, kérdőíves
Elemzés
Online Access:http://dolgozattar.uni-bge.hu/59395

MARC

LEADER 00000nta a2200000 i 4500
001 dolg59395
005 20260114133859.0
008 260114suuuu hu o 000 hun d
040 |a BGE Dolgozattár Repozitórium  |b hun 
041 |a hu 
100 1 |a Szűcs Norbert Dávid 
245 1 0 |a Egy kereskedelmi vállalkozás tevékenységének bemutatása és elemzése  |c Szűcs Norbert Dávid  |h [elektronikus dokumentum] 
516 |a Final_paper 
695 |a Tobeld Kft. 
695 |a Vállalkozás, OVB 
695 |a Felmérés, kérdőíves 
695 |a Elemzés 
700 1 |a Kozák Dr. Tamás  |e ths 
856 4 0 |u http://dolgozattar.uni-bge.hu/59395/1/Szucs-Norbert-David.pdf  |z Dokumentum-elérés